| 000 | 00501nam a2200157 a 4500 | ||
|---|---|---|---|
| 008 | 120416s1973 ||||||||||||||||| || u | ||
| 050 | _aHD 31 Dun | ||
| 100 | _aKelley, J. Roland | ||
| 245 | 1 | 0 | _aManagement essentials |
| 246 | _aresource | ||
| 260 |
_aNew York _bMcGraw-Hill _c1973 |
||
| 350 | _a0.00 | ||
| 650 | 0 | _aMANAGEMENT | |
| 700 | _aDunn, J. D | ||
| 995 |
_D0.00 _FCBU-MAIN LIBRARY (Kitwe) _H1 _I6.74 _M1 _UDAMAGED _ZMain Library Open Access Collection |
||
| 999 |
_c49913 _d49913 |
||